Chuck Characters - Statistics

General Stats
  • This quiz has been taken 425 times
  • The average score is 10 of 23
Answer Stats
Hint Answer % Correct
Spy Sarah Bartowski/Walker
90%
Spy Chuck Bartowski
87%
Spy John Casey
87%
Family Eleanor Woodcomb
80%
Spy Morgan Grimes
76%
Family Devon Woodcomb
73%
Buy More Michael Tucker
73%
Buy More Jeffrey Barnes
66%
Spy Bryce Larkin
56%
Buy More Lester Patel
45%
Bad Spy Daniel Shaw
44%
Family Alex McHugh
40%
Spy/Ex romance Jill Roberts
40%
Spy Diane Beckman
32%
Family Stephen Bartowski
29%
Numerous Buy More Spies Greta
27%
Family Mary Bartowski
25%
Criminal Organisation Leader/Scientist Alexei Volkoff/Hartley Winterbottom
17%
Criminal Organisation Leader Vivian McArthur/Volkoff
14%
Buy More Emmet Milbarge
11%
Buy More Harry Tang
9%
Rival Spy Gertrude Verbanski
5%
Bad Spy Clyde Decker
3%
No matching quizzes found
Score Distribution
Percent of People with Each Score
Percentile by Number Answered
Your Score History
You have not taken this quiz